| 000 | 00425 a2200169 4500 | ||
|---|---|---|---|
| 020 | _a9788176491013 | ||
| 022 | _a9788176491013 | ||
| 082 | _a001.42 | ||
| 090 |
_c6293 _d6293 |
||
| 100 | _aPhillips,Estelle M. | ||
| 245 |
_aHow To Get A PhD. _bD.S.Pugh. _cEstelle M.Phillips. |
||
| 250 | _a2nd. | ||
| 260 |
_aNew Delhi. _bViva Books . _c1999. |
||
| 300 | _a203p. | ||
| 500 | _aPaper cover. | ||
| 942 |
_aNBS _cBK _k001.42 PHI |
||
| 999 |
_c348662 _d348662 |
||